000 00988cam a2200325 a 4500
001 9411903
003 ARRUPE
005 20150414020006.0
008 110829s2011 rh a b 001 0 eng
010 _a 2011349444
020 _a9780797443938
020 _a0797443932
035 _a(OCoLC)ocn754390038
035 _a(OCoLC)754390038
035 _a(NNC)9411903
040 _aDLC
_cDLC
_dINU
_dSTF
042 _alcode
043 _af-rh---
050 4 _aDT2996
_b.M83 2011
100 1 _aMudyanadzo, Wenceslaus.
_92464
245 1 0 _aZimbabwe's diplomacy :
_b1980-2008 /
_cWenceslaus Mudyanadzo.
260 _aGweru, Zimbabwe :
_bBooklove Publishers,
_c2011.
300 _a183 p. :
_bcol. ill. ;
_c21 cm.
500 _aIncludes examination questions for each chapter.
504 _aIncludes bibliographical references and index.
651 0 _aZimbabwe
_xForeign relations
_y1980-
_92465
942 _2lcc
_cMONOGRAPH
_02
948 1 _a20120430
_bc
_cjeb52
_dMPS
999 _c118330
_d118330